El radar americano : arquitectura, arte, comunicación visual y Guerra Fría : un documental histórico y visual, a partir de la biografía y el archivo del arquitecto, artista y galerista Lanfranco Bombelli Tiravanti (Milán, 1921 - Cadqués, 2008) /

Gespeichert in:
Bibliographische Detailangaben
1. Verfasser: Altaió, Vicenç (autor)
Weitere Verfasser: Malla, Huc (colaboración) (colaboración), Velasco, Unai (traducción) (traducción)
Format: Buch
Veröffentlicht: Barcelona, España : Galaxia Gutenberg, 2024, c2024
Schriftenreihe:(Ensayo Galaxia Gutenberg)
Schlagworte:
Tags: Tag hinzufügen
Keine Tags, Fügen Sie das erste Tag hinzu!

MARC

LEADER 00000nam^a2200000^a^4500
001 000626602
005 20260121000000.0
009 20260310134037.45
020 |a 978-84-19738-71-4 
037 |a Acervo ITESO - Biblioteca 
082 |a 709. 04  |b ALT 
100 |a Altaió, Vicenç  |e (autor) 
245 1 3 |a El radar americano :  |b arquitectura, arte, comunicación visual y Guerra Fría : un documental histórico y visual, a partir de la biografía y el archivo del arquitecto, artista y galerista Lanfranco Bombelli Tiravanti (Milán, 1921 - Cadqués, 2008) /  |c V. Altaió ; colaboración de H. Malla ; tr. de U. Velasco. 
246 2 |a Título en la cubierta: El radar americano: arquitectura, arte, comunicación visual y Guerra Fría 
264 4 |a Barcelona, España :  |b Galaxia Gutenberg,  |c 2024, c2024 
300 |a 254 p. 
336 |a texto  |b txt  |2 rdacontenido 
337 |a sin mediación  |b n  |2 rdamedio 
338 |a volumen  |b nc  |2 rdasoporte 
440 1 |a (Ensayo Galaxia Gutenberg) 
500 |a Traducción de: El radar americà. Arquitectura, art, comunicació visual i Guerra Freda 
521 |a FIL 2025 DIA 
649 |a XX 
650 |a Arquitectos Italianos 
650 |a Artistas Italianos 
650 |a Galeristas Italianos 
650 |a Arquitectura Funcionalista -  |z Cadqués, España -  |x Historia y Crítica 
650 |a Arquitectura Funcionalista -  |z España -  |x Historia y Crítica 
650 |a Arquitectura Moderna -  |z Cadqués, España -  |x Historia y Crítica 
650 |a Arquitectura Moderna -  |z España -  |x Historia y Crítica 
650 |a Museos y Galerías -  |z Cadaqués, España -  |x Historia -  |y Juan Carlos I, 1975-2014 
650 |a Museos y Galerías -  |z España -  |x Historia -  |y Juan Carlos I, 1975-2014 
650 |a Arte Moderno -  |z Cadaqués, España -  |x Historia y Crítica 
650 |a Arte Moderno -  |z España -  |x Historia y Crítica 
650 |a Arte Moderno -  |x Historia y Crítica -  |x Tema Principal 
650 |a Arte y Política - 
650 |a Comunicación Visual -  |z Europa -  |x Historia -  |y 1945-1989 
650 |a Comunicación Visual -  |z Europa -  |x Historia -  |y Siglo XX 
650 |a Plan Marshall -  |x Difusión -  |x Historia 
650 |a Plan Marshall -  |x Aspectos Sociales y Culturales 
650 |a Guerra Fría -  |x Aspectos Sociales y Culturales 
650 |a Bombelli, Lanfranco -  |x Tema Principal 
700 |a Malla, Huc  |e (colaboración) 
700 |a Velasco, Unai  |e (traducción) 
910 |a Fondo General 
920 |a Impresos - Libros 
930 |a Colección General 
905 |a 101 
901 |a 627088-10  |b IT1  |c ACC  |i C191714  |u 20260121 
902 |a https://opac.biblio.iteso.mx/vufind/Record/000626602